LEADER 01012nam0-22003251i-450 001 990001649860403321 005 20190529131317.0 035 $a000164986 035 $aFED01000164986 035 $a(Aleph)000164986FED01 035 $a000164986 100 $a20030910d1978----km-y0itay50------ba 101 0 $aita 200 1 $a<>biennio di prove di lotta contro l' oidio del melo$econfronto tra formulati gia in uso ed un nuovo principio attivo$fGennaro Mancini, Alba Cotroneo 210 $aBologna$c...$d1978 215 $ap. 353-360$d25 cm 300 $aEstr. da: Atti Giornate fitopatologiche, 1978. 610 0 $aFitopatologia 610 0 $aMalus 676 $a581.2 676 $a634.11 700 1$aMancini,$bGennaro$0353633 702 1$aCotroneo,$bAlba 801 0$aIT$bUNINA$gRICA$2UNIMARC 901 $aLG 912 $a990001649860403321 952 $a60 OP. 115/21$b47614$fFAGBC 959 $aFAGBC 996 $aBiennio di prove di lotta contro l' oidio del melo$9372580 997 $aUNINA LEADER 01906nas 2200517- 450 001 9910625164003321 005 20190718054937.9 011 $a2376-595X 035 $a(OCoLC)890440727 035 $a(CKB)3710000000536644 035 $a(CONSER)--2014204047 035 $a(EXLCZ)993710000000536644 100 $a20140912a20119999 s-- a 101 0 $aeng 135 $aur||||||||||| 181 $ctxt$2rdacontent 182 $cc$2rdamedia 183 $acr$2rdacarrier 200 10$a... IEEE ... International Conference on Cloud Computing and Intelligence Systems 210 1$aPiscataway, NJ :$cIEEE,$d[2011]- 300 $aProceedings of conference. 311 $a2376-5933 517 1 $aProceedings 517 1 $aCCIS ... 517 1 $aProceedings of IEEE CCIS ... 517 1 $aProceedings ... IEEE International Conference on Cloud Computing and Intelligence Systems 517 1 $aProceedings of ... IEEE International Conference on Cloud Computing and Intelligence Systems 517 1 $aIEEE CCIS 517 1 $aCloud Computing and Intelligence Systems (CCIS) ... IEEE International Conference on 531 0 $aIEEE Int. Conf. Cloud Comput. Intell. Syst. 606 $aCloud computing$vCongresses 606 $aArtificial intelligence$vCongresses 606 $aArtificial intelligence$2fast$3(OCoLC)fst00817247 606 $aCloud computing$2fast$3(OCoLC)fst01745899 608 $aPeriodicals.$2fast 608 $aConference papers and proceedings.$2fast 615 0$aCloud computing 615 0$aArtificial intelligence 615 7$aArtificial intelligence. 615 7$aCloud computing. 676 $a004.67 712 02$aInstitute of Electrical and Electronics Engineers, 906 $aCONFERENCE 912 $a9910625164003321 996 $a.. IEEE ... International Conference on Cloud Computing and Intelligence Systems$92502578 997 $aUNINA